[Event "FRA-ch U12 Girls"]
[Site "Nimes"]
[Date "2012.04.17"]
[Round "5"]
[White "Hadji, Rasmie"]
[Black "Lomandong, Noela Joyce"]
[Result "0-1"]
[WhiteElo "1680"]
[BlackElo "1473"]
[PlyCount "122"]
[EventDate "2012.04.14"]
[EventType "swiss"]
[EventRounds "9"]
[EventCountry "FRA"]
[SourceTitle "CBM 148 Extra"]
[Source "ChessBase"]
[SourceDate "2012.06.22"]
[SourceVersion "1"]
[SourceVersionDate "2012.06.22"]
[SourceQuality "1"]

1. e4 e5 2. Nf3 Nc6 3. d4 d6 4. dxe5 dxe5 5. Qxd8+ Kxd8 6. Bb5 Nge7 7. Nc3 f6 8. Be3 Bd7 9. 0-0-0 Ke8 10. Nd5 Nxd5 11. Rxd5 Bd6 12. Rhd1 a6 13. Ba4 b5 14. Bb3 Na5 15. Bd2 Nxb3+ 16. cxb3 Bc6 17. Rd3 Bxe4 18. Re3 Bb7 19. Ba5 e4 20. Nd2 f5 21. h3 Rf8 22. Rde1 Rd8 23. R3e2 Rf7 24. Kc2 Rc8 25. f3 Bg3 26. Rf1 Re7 27. fxe4 fxe4 28. Rf5 e3 29. Bb4 c5 30. Bxc5 Bd6 31. Kd1 Rxc5 32. Rxc5 Bxc5 33. Nf3 Bxf3 34. gxf3 Rf7 35. Rc2 Rd7+ 36. Ke2 Bd4 37. b4 Kd8 38. b3 Rc7 39. Rxc7 Kxc7 40. a4 Kc6 41. h4 Kd5 42. h5 Ke5 43. Kd3 Ba7 44. a5 Kf4 45. Ke2 Kg5 46. h6 gxh6 47. Kf1 Kf4 48. Ke2 h5 49. Ke1 h4 50. Ke2 h3 51. Kf1 e2+ 52. Kxe2 h2 53. Kd3 h1Q 54. Kd2 Qxf3 55. Kc2 Qf2+ 56. Kd3 Qe3+ 57. Kc2 Ke4 58. Kb2 Bd4+ 59. Kc2 Qe2+ 60. Kc1 Bc3 61. Kb1 Qb2# 0-1